[Event "VIE-ch (Women)"]
[Site "Hanoi"]
[Date "2024.03.13"]
[Round "5"]
[White "Le, Thai Hoang Anh"]
[Black "Nguyen, Ngoc Ha Anh"]
[Result "1-0"]
[WhiteElo "1714"]
[BlackElo "1527"]
[PlyCount "67"]
[EventDate "2024.03.11"]
[EventType "swiss"]
[EventRounds "9"]
[EventCountry "VIE"]
[SourceTitle "CB13_2024"]
[SourceDate "2024.03.27"]
[SourceVersion "1"]
[SourceVersionDate "2024.03.27"]
[SourceQuality "1"]

1. e4 e5 2. Nf3 Nc6 3. Bc4 Bc5 4. c3 Nf6 5. d3 d6 6. Nbd2 0-0 7. 0-0 h6 8. b4 Bb6 9. Bb3 a6 10. Bc2 Bg4 11. Nc4 Ba7 12. Ne3 Bh5 13. h3 Bxe3 14. fxe3 d5 15. Qe1 dxe4 16. dxe4 Qe7 17. Nh4 Bg6 18. Nf5 Qd7 19. Nxh6+ gxh6 20. Rxf6 Kh7 21. Ba3 Rg8 22. Qf2 Rg7 23. Rf1 Rag8 24. Kh1 Nd8 25. g4 Ne6 26. h4 Qc6 27. Kh2 Qxc3 28. g5 Qxa3 29. gxh6 Kxh6 30. h5 Rh7 31. hxg6 Rxg6 32. Qh4+ Kg7 33. Rxf7+ Kg8 34. Qxh7# 1-0

[Event "Wch U12 Girls rapid"]
[Site "Batumi"]
[Date "2023.06.07"]
[Round "6"]
[White "Le, Thai Hoang Anh"]
[Black "Ashotia, Barbare"]
[Result "1-0"]
[WhiteElo "1255"]
[BlackElo "1426"]
[PlyCount "119"]
[EventDate "2023.06.06"]
[EventType "swiss (rapid)"]
[EventRounds "11"]
[EventCountry "GEO"]
[SourceTitle "EXT 2024"]
[Source "ChessBase"]
[SourceDate "2023.10.10"]
[SourceVersion "1"]
[SourceVersionDate "2023.10.10"]
[SourceQuality "1"]
[WhiteTeam "Vietnam"]
[BlackTeam "Georgia"]
[WhiteTeamCountry "VIE"]
[BlackTeamCountry "GEO"]

1. e4 c5 2. Nf3 Nc6 3. d4 cxd4 4. Nxd4 Nf6 5. Nc3 e5 6. Nb3 Bb4 7. Bd3 d5 8. exd5 Nxd5 9. Bd2 Nxc3 10. bxc3 Be7 11. 0-0 0-0 12. f4 exf4 13. Bxf4 Be6 14. Qf3 Bf6 15. Rad1 Qe7 16. Bd6 Bd4+ 17. Nxd4 Qxd6 18. Qe4 g6 19. Nxe6 Qxe6 20. Qxe6 fxe6 21. Bc4 Rxf1+ 22. Kxf1 Rf8+ 23. Ke2 Rf6 24. Rd6 Kf8 25. Rxe6 Rf4 26. Bb3 a5 27. Re3 Rg4 28. Bd5 Rg5 29. Bxc6 bxc6 30. Kf3 Rf5+ 31. Ke4 Rf2 32. Rf3+ Rxf3 33. Kxf3 Ke7 34. Ke4 Kd6 35. Kd4 h5 36. h4 a4 37. a3 Ke6 38. Kc5 Kf5 39. Kxc6 Kg4 40. Kd5 Kxh4 41. c4 Kg3 42. c5 h4 43. c6 Kxg2 44. c7 h3 45. c8Q h2 46. Qg4+ Kf1 47. Ke5 Kf2 48. Qh4+ Kg2 49. Kf6 h1Q 50. Qxh1+ Kxh1 51. c4 Kg2 52. c5 Kf3 53. c6 Kf4 54. Kxg6 Ke5 55. c7 Kd4 56. c8Q Kd3 57. Qd7+ Kc3 58. Qxa4 Kb2 59. Qb4+ Ka1 60. a4 1-0

[Event "Wch U12 Girls rapid"]
[Site "Batumi"]
[Date "2023.06.07"]
[Round "4"]
[White "Le, Thai Hoang Anh"]
[Black "Tsivtsivadze, Nini"]
[Result "1-0"]
[WhiteElo "1255"]
[BlackElo "1080"]
[PlyCount "119"]
[EventDate "2023.06.06"]
[EventType "swiss (rapid)"]
[EventRounds "11"]
[EventCountry "GEO"]
[SourceTitle "EXT 2024"]
[Source "ChessBase"]
[SourceDate "2023.10.10"]
[SourceVersion "1"]
[SourceVersionDate "2023.10.10"]
[SourceQuality "1"]
[WhiteTeam "Vietnam"]
[BlackTeam "Georgia"]
[WhiteTeamCountry "VIE"]
[BlackTeamCountry "GEO"]

1. e4 e5 2. Nf3 Nc6 3. Bc4 Bc5 4. Nc3 Nf6 5. d3 h6 6. Be3 Bb6 7. Nd5 d6 8. Nxb6 axb6 9. h3 Be6 10. Bb3 Qd7 11. 0-0 g5 12. d4 Bxb3 13. axb3 Rxa1 14. Qxa1 0-0 15. Qa4 exd4 16. Bxd4 Nxd4 17. Qxd4 Qe6 18. Re1 Re8 19. e5 dxe5 20. Rxe5 Qc6 21. Rf5 Nh7 22. Ne5 Qe6 23. Nxf7 Qxf7 24. Rxf7 Kxf7 25. Qc4+ Kg6 26. Qxc7 Re1+ 27. Kh2 Rb1 28. Qxb6+ Nf6 29. Qxb7 Rxb2 30. Qc6 Kg7 31. Qc3 Rb1 32. b4 Kf7 33. Qc4+ Ke7 34. b5 Nd7 35. c3 Rb2 36. Qc6 Rxf2 37. b6 Rb2 38. b7 h5 39. Qg6 Rxb7 40. Qe4+ Kd6 41. Qxb7 Nc5 42. Qg7 Ne6 43. Qg6 Kd5 44. Qxh5 Kd6 45. c4 Kc5 46. Qg4 Kd6 47. c5+ Nxc5 48. Qxg5 Ne6 49. Qf6 Kd7 50. h4 Nc7 51. h5 Ne8 52. Qf7+ Kd8 53. h6 Nd6 54. Qf6+ Kd7 55. Qxd6+ Kxd6 56. h7 Ke7 57. h8Q Ke6 58. Qf8 Ke5 59. g4 Ke6 60. g5 1-0

[Event "Wch U12 Girls rapid"]
[Site "Batumi"]
[Date "2023.06.06"]
[Round "2"]
[White "Le, Thai Hoang Anh"]
[Black "Tong, Thai Hoang An"]
[Result "1-0"]
[WhiteElo "1255"]
[BlackElo "1372"]
[PlyCount "65"]
[EventDate "2023.06.06"]
[EventType "swiss (rapid)"]
[EventRounds "11"]
[EventCountry "GEO"]
[SourceTitle "EXT 2024"]
[Source "ChessBase"]
[SourceDate "2023.10.10"]
[SourceVersion "1"]
[SourceVersionDate "2023.10.10"]
[SourceQuality "1"]
[WhiteTeam "Vietnam"]
[BlackTeam "Vietnam"]
[WhiteTeamCountry "VIE"]
[BlackTeamCountry "VIE"]

1. e4 c6 2. d4 d5 3. exd5 cxd5 4. Nf3 Nc6 5. Bd3 Qc7 6. Be3 Bg4 7. c3 Nf6 8. Nbd2 e6 9. Qc2 Bd6 10. 0-0 h6 11. Rfe1 0-0 12. a3 Nd7 13. h3 Bxf3 14. Nxf3 Rfe8 15. Rad1 Rac8 16. Qc1 Bf8 17. Bf4 Qb6 18. Qc2 a6 19. Qe2 Na5 20. Nh4 Nf6 21. Be5 Qd8 22. Bb1 Nc4 23. Qc2 Nxe5 24. dxe5 Ne4 25. Rxe4 f5 26. exf6 Qxf6 27. Rg4 Bd6 28. Qh7+ Kf7 29. Bg6+ Kf8 30. Qh8+ Ke7 31. Bxe8 Rxe8 32. Rxg7+ Kd8 33. Rd7+ 1-0

[Event "Wch U12 Girls rapid"]
[Site "Batumi"]
[Date "2023.06.06"]
[Round "1"]
[White "Preobrazhenskaya, Diana"]
[Black "Le, Thai Hoang Anh"]
[Result "0-1"]
[WhiteElo "1884"]
[BlackElo "1255"]
[PlyCount "86"]
[EventDate "2023.06.06"]
[EventType "swiss (rapid)"]
[EventRounds "11"]
[EventCountry "GEO"]
[SourceTitle "EXT 2024"]
[Source "ChessBase"]
[SourceDate "2023.10.10"]
[SourceVersion "1"]
[SourceVersionDate "2023.10.10"]
[SourceQuality "1"]
[WhiteTeam "FIDE"]
[BlackTeam "Vietnam"]
[BlackTeamCountry "VIE"]

1. e4 e5 2. Nf3 Nc6 3. Bb5 a6 4. Ba4 Nf6 5. 0-0 b5 6. Bb3 Be7 7. d4 d6 8. c3 Bg4 9. Be3 0-0 10. h3 Bh5 11. Nbd2 Qd7 12. Re1 Rfe8 13. Bc2 Bf8 14. a4 exd4 15. cxd4 Nb4 16. Bb1 Qc6 17. Qb3 a5 18. d5 Qd7 19. Nd4 Bg6 20. f3 bxa4 21. Rxa4 Qe7 22. Rxb4 axb4 23. Nc6 Qd7 24. Bd4 Ra1 25. Bxf6 gxf6 26. Qxb4 f5 27. Nb3 Rxb1 28. Rxb1 fxe4 29. Rf1 e3 30. Nbd4 Bg7 31. Re1 Bf6 32. Qb3 Bg5 33. Kh1 Ra8 34. Qc3 Bf4 35. Ne2 Bg5 36. f4 Bh4 37. Rf1 Bf2 38. Ned4 Be4 39. Kh2 Bxd5 40. Nb4 Be4 41. Ne2 c5 42. Nc2 d5 43. Qf6 Bxc2 0-1

[Event "VIE-ch (Women)"]
[Site "Vung Tau"]
[Date "2023.03.04"]
[Round "3"]
[White "Le, Thai Hoang Anh"]
[Black "Tran, Nguyen My Tien"]
[Result "0-1"]
[WhiteElo "1204"]
[BlackElo "1998"]
[PlyCount "80"]
[EventDate "2023.03.03"]
[EventType "swiss"]
[EventRounds "9"]
[EventCountry "VIE"]
[SourceTitle "EXT 2024"]
[Source "ChessBase"]
[SourceDate "2023.10.10"]
[SourceVersion "1"]
[SourceVersionDate "2023.10.10"]
[SourceQuality "1"]

1. e4 Nf6 2. e5 Nd5 3. c4 Nb6 4. d4 d6 5. exd6 exd6 6. Nf3 Bg4 7. Bd3 Nc6 8. Be3 Be7 9. a3 Bf6 10. 0-0 Bxd4 11. Bxd4 Nxd4 12. Qe1+ Ne6 13. Nbd2 Qf6 14. Qe4 Bxf3 15. Nxf3 0-0-0 16. b4 Rde8 17. a4 g6 18. a5 Nf4 19. axb6 cxb6 20. Qd4 Qxd4 21. Nxd4 Nxd3 22. Rxa7 Nxb4 23. Nb5 Kb8 24. Ra4 Na6 25. Nxd6 Re7 26. Rfa1 Kc7 27. Nb5+ Kb8 28. Nd6 Rd8 29. Nxb7 Kxb7 30. Rxa6 Rd1+ 31. Rxd1 Kxa6 32. g3 Ka5 33. Rd5+ Ka4 34. c5 b5 35. c6 Rc7 36. Rd7 Rxc6 37. Ra7+ Kb3 38. Rxf7 h5 39. Rb7 b4 40. h3 Kc3 0-1

[Event "VIE-ch U11 Girls"]
[Site "Ho Chi Minh City"]
[Date "2022.07.15"]
[Round "7"]
[White "Le, Thai Hoang Anh"]
[Black "Nguyen, Mai Chi1111"]
[Result "0-1"]
[WhiteElo "2169"]
[BlackElo "2150"]
[PlyCount "114"]
[EventDate "2022.07.11"]
[EventType "swiss"]
[EventRounds "9"]
[EventCountry "VIE"]
[SourceTitle "EXT 2023"]
[Source "ChessBase"]
[SourceDate "2022.10.05"]
[SourceVersion "1"]
[SourceVersionDate "2022.10.05"]
[SourceQuality "1"]

1. e4 c6 2. d4 d5 3. exd5 cxd5 4. Nf3 Bg4 5. Be2 Nd7 6. Nc3 e6 7. a3 Rc8 8. Bf4 Ngf6 9. 0-0 a6 10. Ne5 Bxe2 11. Qxe2 Be7 12. Qd3 0-0 13. Rfe1 b5 14. Re3 Nh5 15. Ne2 Nxf4 16. Nxf4 Nxe5 17. dxe5 Bg5 18. g3 Qc7 19. c3 Qc4 20. Rf3 Bxf4 21. gxf4 g6 22. Re1 Qxd3 23. Rxd3 Rc4 24. Rf3 Rfc8 25. Rd1 a5 26. Rdd3 Re4 27. Kf1 a4 28. Rd4 Rc4 29. Rxc4 bxc4 30. Re3 Rxf4 31. Kg2 Rg4+ 32. Kf1 Kg7 33. h3 Rf4 34. Kg2 g5 35. Kg3 h5 36. f3 Kg6 37. Re2 Kf5 38. Kg2 g4 39. fxg4+ hxg4 40. h4 Rf3 41. Re1 Rh3 42. Rf1+ Kg6 43. Rf6+ Kg7 44. Rf2 Rxh4 45. Kg3 Rh5 46. Re2 Rg5 47. Kf4 Kg6 48. Kg3 f6 49. exf6 Kxf6 50. Rc2 e5 51. Rc1 Kf5 52. Re1 Ke6 53. Rh1 Rg6 54. Rh8 Kf5 55. Ra8 Rb6 56. Rg8 Rxb2 57. Rg5+ Kf6 0-1

[Event "VIE-ch U11 Girls"]
[Site "Ho Chi Minh City"]
[Date "2022.07.13"]
[Round "4"]
[White "Bui, Nguyen Tra My"]
[Black "Le, Thai Hoang Anh"]
[Result "0-1"]
[WhiteElo "2163"]
[BlackElo "2169"]
[PlyCount "76"]
[EventDate "2022.07.11"]
[EventType "swiss"]
[EventRounds "9"]
[EventCountry "VIE"]
[SourceTitle "EXT 2023"]
[Source "ChessBase"]
[SourceDate "2022.10.05"]
[SourceVersion "1"]
[SourceVersionDate "2022.10.05"]
[SourceQuality "1"]

1. e4 e5 2. Nf3 Nc6 3. d4 exd4 4. Nxd4 Nf6 5. Nxc6 bxc6 6. e5 Nd5 7. c4 Nb6 8. b3 Bc5 9. Ba3 Bxa3 10. Nxa3 Qe7 11. Nc2 Qxe5+ 12. Be2 0-0 13. 0-0 d5 14. Re1 Qg5 15. Nb4 dxc4 16. bxc4 Bh3 17. g3 Rad8 18. Qb3 c5 19. Nd3 Be6 20. Nf4 Rd4 21. Nxe6 fxe6 22. Rac1 Qf5 23. f3 Rfd8 24. Rcd1 h6 25. Kf2 Rd2 26. Qc3 R2d4 27. Qb3 a5 28. Rc1 Rd2 29. Kf1 R8d3 30. Rc3 Rd6 31. a3 Kf7 32. Rd1 a4 33. Qb5 Rxd1+ 34. Bxd1 Rxd1+ 35. Kf2 Rd2+ 36. Ke3 Rxh2 37. Qc6 Qe5+ 38. Kd3 Qd4# 0-1

[Event "VIE-ch U11 Girls"]
[Site "Ho Chi Minh City"]
[Date "2022.07.12"]
[Round "3"]
[White "Le, Thai Hoang Anh"]
[Black "Vu, Nguyen Bao Linh"]
[Result "1/2-1/2"]
[WhiteElo "2169"]
[BlackElo "2166"]
[PlyCount "120"]
[EventDate "2022.07.11"]
[EventType "swiss"]
[EventRounds "9"]
[EventCountry "VIE"]
[SourceTitle "EXT 2023"]
[Source "ChessBase"]
[SourceDate "2022.10.05"]
[SourceVersion "1"]
[SourceVersionDate "2022.10.05"]
[SourceQuality "1"]

1. e4 Nf6 2. e5 Nd5 3. c4 Nb6 4. d4 d6 5. exd6 exd6 6. Nf3 Bg4 7. Nc3 Nc6 8. Be2 Be7 9. b3 0-0 10. Be3 Bf5 11. 0-0 Bf6 12. Rc1 Re8 13. Qd2 Bg6 14. Rfd1 Ne7 15. Bf4 c6 16. Bd3 Nf5 17. Bc2 d5 18. c5 Nd7 19. Re1 Rxe1+ 20. Rxe1 Nxd4 21. Nxd4 Bxd4 22. Qxd4 Bxc2 23. Bd6 Nf8 24. Qb4 b6 25. Qa4 Qc8 26. Re7 Ne6 27. Rxa7 Rxa7 28. Qxa7 b5 29. Kf1 d4 30. Ne2 d3 31. Nc3 b4 32. Ne4 Nd4 33. Be5 Qe8 34. f4 Nb5 35. Qb7 Nc3 36. Qxb4 Nxe4 37. Qxe4 f6 38. Qc4+ Kh8 39. Bc3 Qe3 40. Qb4 h6 41. Bd2 Qe6 42. h3 Qd5 43. Kg1 Bd1 44. Qc4 Qd7 45. a4 Qb7 46. Qxd3 Bxb3 47. a5 Bd5 48. Kh2 Qa7 49. Qa3 Qa6 50. Qg3 Qb5 51. Qf2 Qa6 52. f5 Qb5 53. Qe3 Qf1 54. Qe8+ Bg8 55. Qg6 Bh7 56. Qe8+ Bg8 57. Qxc6 Qxf5 58. a6 Bd5 59. Qe8+ Kh7 60. Qe3 Qf1 1/2-1/2

[Event "VIE-ch U11 Girls"]
[Site "Hanoi"]
[Date "2022.06.15"]
[Round "7"]
[White "Nguyen, Pham Minh Thu"]
[Black "Le, Thai Hoang Anh"]
[Result "0-1"]
[WhiteElo "2162"]
[BlackElo "2174"]
[PlyCount "110"]
[EventDate "2022.06.11"]
[EventType "swiss"]
[EventRounds "7"]
[EventCountry "VIE"]
[SourceTitle "EXT 2023"]
[Source "ChessBase"]
[SourceDate "2022.10.05"]
[SourceVersion "1"]
[SourceVersionDate "2022.10.05"]
[SourceQuality "1"]

1. e4 e5 2. Nf3 Nc6 3. d4 exd4 4. Nxd4 Nf6 5. Nc3 Bb4 6. Nxc6 bxc6 7. Bd3 d5 8. exd5 cxd5 9. 0-0 h6 10. Re1+ Be7 11. Bb5+ Bd7 12. Bxd7+ Qxd7 13. Qe2 0-0 14. Qb5 c6 15. Qd3 Rae8 16. h3 Qc7 17. Bd2 Bd6 18. g3 Qd7 19. Kg2 Qb7 20. b3 d4 21. Ne2 c5+ 22. Qf3 Ne4 23. Bc1 Qb4 24. Rd1 Qb5 25. a4 Qa6 26. Qd3 Qc6 27. f3 Nf6 28. Bf4 Nd5 29. Bxd6 Qxd6 30. Kh2 Re3 31. Qd2 Rxf3 32. Qe1 Re8 33. Rd2 Qf6 34. Kg1 Nc3 35. Kg2 Rfe3 36. Qf1 Rxe2+ 37. Rxe2 Rxe2+ 38. Kg1 Qxf1+ 39. Rxf1 Rxc2 40. Re1 d3 41. Re8+ Kh7 42. Rd8 d2 43. Kf1 d1Q+ 44. Rxd1 Nxd1 45. Ke1 Nb2 46. Kf1 a5 47. Ke1 c4 48. bxc4 Nxa4 49. Kd1 Rh2 50. h4 Nc3+ 51. Kc1 a4 52. g4 a3 53. g5 a2 54. g6+ fxg6 55. h5 a1Q# 0-1

[Event "VIE-ch U11 Girls"]
[Site "Hanoi"]
[Date "2022.06.13"]
[Round "4"]
[White "Le, Minh Anh"]
[Black "Le, Thai Hoang Anh"]
[Result "0-1"]
[WhiteElo "2176"]
[BlackElo "2174"]
[PlyCount "132"]
[EventDate "2022.06.11"]
[EventType "swiss"]
[EventRounds "7"]
[EventCountry "VIE"]
[SourceTitle "EXT 2023"]
[Source "ChessBase"]
[SourceDate "2022.10.05"]
[SourceVersion "1"]
[SourceVersionDate "2022.10.05"]
[SourceQuality "1"]

1. d4 d5 2. c4 e6 3. Nc3 Nf6 4. cxd5 exd5 5. Bg5 Nbd7 6. e3 Be7 7. Bd3 c6 8. Nf3 0-0 9. 0-0 Ne4 10. Bxe4 Bxg5 11. Nxg5 Qxg5 12. Bd3 Nf6 13. f4 Qh4 14. Qf3 Re8 15. Rae1 Bg4 16. Qf2 Qxf2+ 17. Kxf2 Bd7 18. e4 dxe4 19. Nxe4 Ng4+ 20. Kg3 Bf5 21. Nc5 Bxd3 22. Nxd3 Ne3 23. Rf3 Nf5+ 24. Kf2 Nxd4 25. Rfe3 Red8 26. Re7 Nf5 27. R7e5 f6 28. Rxf5 Rxd3 29. Re2 Rad8 30. Ra5 a6 31. Ra4 R8d4 32. Rxd4 Rxd4 33. Kf3 Kf7 34. g4 g6 35. h4 f5 36. g5 b6 37. Rh2 c5 38. h5 Rb4 39. b3 c4 40. bxc4 Rxc4 41. hxg6+ hxg6 42. Rh7+ Kg8 43. Rb7 Rc6 44. Ke3 Rd6 45. a4 a5 46. Rc7 Kf8 47. Rc8+ Ke7 48. Rc7+ Ke6 49. Rg7 Kd5 50. Kd3 Kc5+ 51. Kc3 b5 52. Ra7 Kb6 53. Re7 bxa4 54. Re1 a3 55. Ra1 Kb5 56. Rxa3 a4 57. Ra1 Rc6+ 58. Kd3 Rc4 59. Rb1+ Rb4 60. Rxb4+ Kxb4 61. Kd4 a3 62. Ke5 a2 63. Kf6 a1Q+ 64. Kxg6 Qa5 65. Kh6 Qc7 66. g6 Qxf4+ 0-1

[Event "Hanoi (Women) op 12"]
[Site "Hanoi"]
[Date "2022.??.??"]
[Round "2"]
[White "Le, Thai Hoang Anh"]
[Black "Doan, Thi Van Anh"]
[Result "1/2-1/2"]
[WhiteElo "1204"]
[BlackElo "1948"]
[PlyCount "80"]
[EventDate "2022.12.11"]
[EventType "swiss"]
[EventRounds "9"]
[EventCountry "VIE"]
[SourceTitle "CBM 211 Extra"]
[Source "ChessBase"]
[SourceDate "2023.01.31"]
[SourceVersion "1"]
[SourceVersionDate "2023.01.31"]
[SourceQuality "1"]

1. e4 e6 2. d4 d5 3. exd5 exd5 4. Nf3 Nf6 5. Bd3 Bd6 6. 0-0 0-0 7. Bg5 h6 8. Bh4 Be6 9. Nbd2 Nbd7 10. Re1 c6 11. Ne5 Qc7 12. Ndf3 Rfe8 13. h3 c5 14. c3 c4 15. Bc2 b5 16. a3 a5 17. Qd2 b4 18. axb4 axb4 19. Ba4 Ne4 20. Qe3 f6 21. Nxd7 Bxd7 22. Bxd7 Qxd7 23. Rxa8 Rxa8 24. Nd2 Nxd2 25. Qxd2 bxc3 26. bxc3 Qf5 27. Bg3 Bxg3 28. fxg3 Ra3 29. g4 Qd7 30. Qe3 Kh7 31. Qe6 Qxe6 32. Rxe6 Rxc3 33. Rd6 Rd3 34. Rxd5 Kg6 35. Kf2 Rd2+ 36. Kg3 Kf7 37. Kf3 Ke6 38. Rd8 c3 39. Rc8 c2 40. Rc5 g5 1/2-1/2

[Event "Hanoi (Women) op 12"]
[Site "Hanoi"]
[Date "2022.??.??"]
[Round "6"]
[White "Le, Thai Hoang Anh"]
[Black "Mai, Hieu Linh"]
[Result "1-0"]
[WhiteElo "1204"]
[BlackElo "1451"]
[PlyCount "111"]
[EventDate "2022.12.11"]
[EventType "swiss"]
[EventRounds "9"]
[EventCountry "VIE"]
[SourceTitle "CBM 211 Extra"]
[Source "ChessBase"]
[SourceDate "2023.01.31"]
[SourceVersion "1"]
[SourceVersionDate "2023.01.31"]
[SourceQuality "1"]

1. e4 e5 2. Nf3 Nc6 3. Bc4 Bc5 4. Nc3 Nf6 5. d3 h6 6. Be3 Bb6 7. Nd5 d6 8. c3 Be6 9. b4 0-0 10. Qb3 Bxd5 11. Bxd5 Nxd5 12. Qxd5 Rb8 13. a4 Ne7 14. Qb3 Bxe3 15. fxe3 Qd7 16. h3 Kh7 17. g4 Qe6 18. Qxe6 fxe6 19. Ke2 g6 20. d4 exd4 21. Nxd4 e5 22. Ne6 Rf6 23. Nxc7 Rc8 24. Nd5 Nxd5 25. exd5 Rxc3 26. Rhc1 Rxc1 27. Rxc1 Rf7 28. Rc8 Rd7 29. Kd3 Kg7 30. e4 Kf6 31. h4 Ke7 32. Rh8 Kf6 33. Re8 Kf7 34. Rc8 a6 35. Kc4 Ke7 36. Rh8 Kf6 37. b5 Rc7+ 38. Kb4 Rc1 39. Re8 axb5 40. axb5 b6 41. Re6+ Kf7 42. Rxd6 Rb1+ 43. Kc4 Rc1+ 44. Kd3 Rd1+ 45. Ke2 Rg1 46. g5 hxg5 47. hxg5 Rxg5 48. Rxb6 Rg2+ 49. Kf3 Rb2 50. Ke3 Rb3+ 51. Kd2 g5 52. Rb8 g4 53. b6 g3 54. Ke2 Rb2+ 55. Kf1 Kg7 56. b7 1-0

[Event "Hanoi (Women) op 12"]
[Site "Hanoi"]
[Date "2022.??.??"]
[Round "3"]
[White "Le, Thanh Tu"]
[Black "Le, Thai Hoang Anh"]
[Result "1-0"]
[WhiteElo "2177"]
[BlackElo "1204"]
[PlyCount "71"]
[EventDate "2022.12.11"]
[EventType "swiss"]
[EventRounds "9"]
[EventCountry "VIE"]
[SourceTitle "CBM 211 Extra"]
[Source "ChessBase"]
[SourceDate "2023.01.31"]
[SourceVersion "1"]
[SourceVersionDate "2023.01.31"]
[SourceQuality "1"]

1. d4 d5 2. c4 e6 3. Nf3 Nf6 4. g3 Nbd7 5. Bg2 Be7 6. 0-0 0-0 7. Qc2 b6 8. cxd5 Nxd5 9. a3 Bb7 10. e4 N5f6 11. Nc3 c5 12. Rd1 cxd4 13. Nxd4 Bc5 14. Qe2 Qe7 15. Be3 Rac8 16. Ndb5 Ba6 17. b4 Bxe3 18. Qxe3 Ne5 19. Nd6 Rc6 20. Qd4 Qc7 21. Qxe5 Rxc3 22. Qd4 Be2 23. e5 Bxd1 24. Rxd1 Rd8 25. exf6 Rc1 26. Rxc1 Qxc1+ 27. Bf1 Qc6 28. Qg4 g6 29. Nc4 h6 30. Ne5 Qc2 31. Qf4 g5 32. Qf3 Rd5 33. Bd3 Qd2 34. Qe4 Rxd3 35. Nxd3 Qd1+ 36. Kg2 1-0

[Event "FIDE Youth Super Final U10 g"]
[Site "Tornelo INT"]
[Date "2021.12.18"]
[Round "1"]
[White "Kolagatla, Alana Meenakshi"]
[Black "Le, Thai Hoang Anh"]
[Result "1/2-1/2"]
[WhiteElo "1829"]
[BlackElo "1204"]
[PlyCount "66"]
[EventDate "2021.12.18"]
[EventType "tourn (rapid)"]
[EventRounds "10"]
[EventCountry "NET"]
[SourceTitle "EXT 2023"]
[Source "ChessBase"]
[SourceDate "2022.10.05"]
[SourceVersion "1"]
[SourceVersionDate "2022.10.05"]
[SourceQuality "1"]

1. e4 e5 2. Nf3 Nc6 3. Bb5 a6 4. Ba4 Nf6 5. 0-0 b5 6. Bb3 Be7 7. Re1 d6 8. c3 0-0 9. h3 Bb7 10. d4 Re8 11. Nbd2 Bf8 12. Bc2 g6 13. Nf1 Bg7 14. Ng3 d5 15. Bg5 exd4 16. cxd4 h6 17. Bxf6 Qxf6 18. e5 Qe7 19. a3 Na5 20. e6 Qd6 21. exf7+ Kxf7 22. Nh4 Rxe1+ 23. Qxe1 Nc6 24. Bxg6+ Kg8 25. Ngf5 Qf6 26. Rd1 Rf8 27. Qe3 Bc8 28. Nxh6+ Kh8 29. g3 Ne7 30. Nf7+ Kg8 31. Nh6+ Kh8 32. Nf7+ Kg8 33. Nh6+ Kh8 1/2-1/2

[Event "Eastern Asia-ch U10 Girls"]
[Site "Tornelo INT"]
[Date "2021.10.23"]
[Round "5"]
[White "Pratyasha, Jena"]
[Black "Le, Thai Hoang Anh"]
[Result "1-0"]
[WhiteElo "1029"]
[BlackElo "1270"]
[PlyCount "113"]
[EventDate "2021.10.22"]
[EventType "swiss"]
[EventRounds "9"]
[EventCountry "NET"]
[SourceTitle "EXT 2023"]
[Source "ChessBase"]
[SourceDate "2022.10.05"]
[SourceVersion "1"]
[SourceVersionDate "2022.10.05"]
[SourceQuality "1"]

1. e4 e5 2. Nf3 Nc6 3. Bc4 Bc5 4. c3 Nf6 5. d3 d6 6. h3 Be6 7. Bb3 0-0 8. Be3 Bb6 9. 0-0 Ne7 10. Nbd2 Ng6 11. Re1 c6 12. Nf1 Qd7 13. Qd2 Rfe8 14. Ng3 d5 15. exd5 Bxd5 16. Bxd5 Nxd5 17. Rad1 f5 18. Bxb6 axb6 19. a3 Ndf4 20. Ne2 Qd6 21. Nxf4 Nxf4 22. Kh2 Rad8 23. g3 Nxd3 24. Re3 e4 25. Nd4 f4 26. gxf4 Qxf4+ 27. Rg3 Qxf2+ 28. Qxf2 Nxf2 29. Rdg1 g6 30. Nf5 Rd2 31. R3g2 e3 32. Re1 Rd3 33. Ng3 Kf7 34. Nf1 Nd1 35. Rge2 h5 36. Kg3 g5 37. Kf3 Kf6 38. Ng3 Kg6 39. Ne4 Rf8+ 40. Kg3 h4+ 41. Kg2 Rf4 42. Rxd1 Rxd1 43. Rxe3 Rd2+ 44. Nxd2 Kf6 45. Nf3 c5 46. Rd3 Kf5 47. Rd5+ Ke4 48. Re5+ Kd3 49. Rxg5 Kc2 50. b4 Kxc3 51. bxc5 b5 52. Rg4 Rf5 53. Rxh4 Rxc5 54. Rb4 Kd3 55. Kg3 Ke3 56. h4 b6 57. Nd4 1-0

[Event "Wch U08 Girls"]
[Site "Weifang"]
[Date "2019.08.31"]
[Round "10"]
[White "Le, Thai Hoang Anh"]
[Black "Beber, Anja"]
[Result "1/2-1/2"]
[WhiteElo "1224"]
[BlackElo "1231"]
[PlyCount "56"]
[EventDate "2019.08.21"]
[EventType "swiss"]
[EventRounds "11"]
[EventCountry "CHN"]
[SourceTitle "EXT 2020"]
[Source "ChessBase"]
[SourceDate "2019.10.17"]
[SourceVersion "1"]
[SourceVersionDate "2019.10.17"]
[SourceQuality "1"]

1. e4 c6 2. d4 d5 3. exd5 cxd5 4. Bd3 Nc6 5. c3 g6 6. Bf4 Nh6 7. Nf3 Bf5 8. Qc2 Bxd3 9. Qxd3 a6 10. Nbd2 Nf5 11. 0-0 Bg7 12. h3 0-0 13. Rfe1 Rc8 14. Nb3 b5 15. Nc5 Ra8 16. Re2 e6 17. Nb7 Qd7 18. Nc5 Qc8 19. g4 Nfe7 20. a3 Na5 21. Bd6 Qd8 22. Bf4 Qc8 23. Bd6 Qd8 24. Bf4 Qc8 25. Bd6 Qd8 26. Bf4 Qc8 27. Bd6 Qd8 28. Bf4 Qc8 1/2-1/2